| 000 | 00566 a2200157 4500 | ||
|---|---|---|---|
| 020 | _a8175140089 | ||
| 020 | _a9788175140080 | ||
| 090 |
_c121 _d121 |
||
| 245 | 0 | 0 | _aLinking quality to profits ; quality-based cost management. |
| 260 |
_a[S.l.] : _bVanity Books International, _c1996. |
||
| 300 | _a1 v. (unpaged) | ||
| 500 | _aUnknown Binding. | ||
| 856 | 4 | 0 |
_3Amazon.com _uhttp://www.amazon.com/exec/obidos/ASIN/8175140089/chopaconline-20 |
| 856 | 4 | 0 |
_3Amazon customer reviews _uhttp://www.chopac.org/cgi-bin/tools/azrev.pl?q=8175140089 |
| 942 |
_aNBS _cBK _k658.562 |
||
| 999 |
_c342700 _d342700 |
||